000 00590nam a2200157 i 4500
001 bg
245 0 _aBadania przepływów powietrza z wymianą ciepła przy prędkościach poddźwiękowych.
260 _aWrocław,
_c1973.
490 1 _aPrace Naukowe Instytutu Inżynierii Chemicznej i Urządzeń Cieplnych Politechniki Wrocławskiej ;
_vnr 20
830 _aPrace Naukowe Instytutu Inżynierii Chemicznej i Urządzeń Cieplnych Politechniki Wrocławskiej ;
040 _cBPK
041 _apol
080 _a620.1:536.7:533.6
942 _cKS
008 s pl f |000 0 pol
999 _c25994
_d25994
856 _uhttp://koha.tu.koszalin.pl/cgi-bin/koha/opac-detail.pl?biblionumber=25994
_yKatalog online BPK